| 000 | 00401nam a2200157 a 4500 | ||
|---|---|---|---|
| 005 | 20140414093849.0 | ||
| 008 | 120308s19uu xx uuu eng d | ||
| 020 | _a0201846209 | ||
| 050 |
_aCDR 530 _bACT 1997 |
||
| 100 | _aVan heuvelen, Alan | ||
| 245 |
_aActivPhysics 1 / _cAlan van Heuvelen. |
||
| 260 |
_aUSA : _bAddison Wesley, _c1997. |
||
| 650 | _aPhysics | ||
| 942 | _cAVM | ||
| 999 |
_c109803 _d109803 |
||